000
00337nam a22001457a 4500
003
OSt
008
210119b ||||| |||| 00| 0 eng d
082
_a
004 SIC
100
_a
SINHA, Pradeep Kumar
245
_a
Computer Fundamentals
260
_a
New Delhi
_b
BPB Publication
_c
2009
300
_a
457
650
_a
BCA
942
_2
ddc
_c
BK
999
_c
10381
_d
10381